Design concepts in programming languages / (Record no. 39753)

MARC details
000 -LEADER
fixed length control field 00891nam a22002417a 4500
005 - DATE AND TIME OF LATEST TRANSACTION
control field 20100806135344.0
010 ## - LCCN (DPL NO)
LC control number ENG-98635
020 ## - INTERNATIONAL STANDARD BOOK NUMBER
International Standard Book Number 9788120339965
Terms of availability 695.00
035 ## - SYSTEM CONTROL NUMBER
System control number EN-82167
037 ## - SOURCE OF ACQUISITION
Source of stock number/acquisition DBAD/PUB
082 ## - DEWEY DECIMAL CLASSIFICATION NUMBER
Classification number 005.1
100 ## - MAIN ENTRY--PERSONAL NAME
Personal name Turbak, Franklyn
245 ## - TITLE STATEMENT
Title Design concepts in programming languages /
Statement of responsibility, etc by Franklyn Turbak, David Gifford [and] A. Sheldon
260 ## - PUBLICATION, DISTRIBUTION, ETC. (IMPRINT)
Place of publication, distribution, etc New Delhi
Name of publisher, distributor, etc PHI Learning
Date of publication, distribution, etc 2010
270 ## - ADDRESS
Address M-97, Connaught Circus
City New Delhi
Postal code 110001
300 ## - PHYSICAL DESCRIPTION
Extent xxiv,1322p.
Dimensions 24cm (pbk)
500 ## - GENERAL NOTE
General note Includes bibliographical references and index
650 ## - SUBJECT ADDED ENTRY--TOPICAL TERM
Topical term or geographic name as entry element Programming language
700 ## - ADDED ENTRY--PERSONAL NAME
Personal name Gifford, David
9 (RLIN) 7712
700 ## - ADDED ENTRY--PERSONAL NAME
Personal name Sheldon, A.
9 (RLIN) 7713
942 ## - ADDED ENTRY ELEMENTS (KOHA)
Source of classification or shelving scheme Dewey Decimal Classification
Item type English Books
Classification part 005.1
Call number suffix TUR
Holdings
Withdrawn status Lost status Not for loan Collection code Home library Current library Date acquired Source of acquisition Cost, normal purchase price Full call number Barcode Copy number Cost, replacement price Koha item type
    Not For Loan Non-fiction D.B.Act.Division D.B.Act.Division 06/08/2010 DBAD/PUB 695.00 005.1 TUR EN-82167 1 695.00 English Books

© Delhi Public Library
Hit Counter
free hit counter